00266nam a22001337a 4500003000400000005001700004008004100021040000700062082001200069100001000081245001400091260001900105300000800124OSt20211103115207.0211103b |||||||| |||| 00| 0 eng d chu a301/gre agreen asociology anew yorkbhall a672